000 00311nam a2200121Ia 4500
008 190216s9999||||xx |||||||||||||| ||und||
100 _aKeshari Nathan Shukla
245 0 _aHindi Nature Enviornment Problems And Solution
260 _bNavadeep Prakashan
_c2009
300 _a168
650 _aHindi
942 _cBK
999 _c16632
_d16632